| 000 | 00675nam a2200181 a 4500 | ||
|---|---|---|---|
| 003 | 0 | ||
| 005 | 20250508125551.0 | ||
| 008 | 970101s19uu xx 00 eng d | ||
| 050 |
_aPHS JC 423 _b.V55 2004 |
||
| 100 | _aVilllanueva, Trinidad Ruth V. | ||
| 245 |
_aPerceptions of Veteran and neophyte lawyers on democracy in the Philippines / _cTrinidad Ruth V. Vilanueva. |
||
| 260 |
_aLas PiƱas City, Philippines : _bSouthville International School and Colleges, _c2004. |
||
| 300 |
_a38 pages : _billustrations ; _c28 cm. |
||
| 504 | _aIncludes bibliographical references. | ||
| 650 |
_aDemocracy _zPhilippines. |
||
| 650 |
_aPublic opinion _zPhilippines. |
||
| 942 |
_2lcc _cPASS |
||
| 999 |
_c97168 _d97168 |
||